[Event "OOM-D14"]
[Site "?"]
[Date "2016.05.07"]
[Round "9.10"]
[White "Czarniecka, Aleksandra"]
[Black "Skiba, Aleksandra"]
[Result "1/2-1/2"]
[LiveChessVersion "1.4.6"]
[BlackElo "1596"]
[WhiteElo "1624"]

1. e4 {[%clk 1:30:53]} c5 {[%clk 1:30:53]} 2. Nf3 {[%clk 1:31:14]} Nc6
{[%clk 1:31:17]} 3. d4 {[%clk 1:31:38]} cxd4 {[%clk 1:31:40]} 4. Nxd4
{[%clk 1:32:01]} e5 {[%clk 1:32:00]} 5. Nb5 {[%clk 1:32:19]} d6 {[%clk 1:32:20]}
6. c4 {[%clk 1:32:35]} Be7 {[%clk 1:31:58]} 7. N1c3 {[%clk 1:32:09]} a6
{[%clk 1:32:16]} 8. Na3 {[%clk 1:32:32]} Nf6 {[%clk 1:31:03]} 9. Nc2
{[%clk 1:31:58]} O-O {[%clk 1:29:23]} 10. Be2 {[%clk 1:32:19]} Be6
{[%clk 1:29:30]} 11. O-O {[%clk 1:31:07]} Rc8 {[%clk 1:18:09]} 12. b3
{[%clk 1:26:25]} Ne8 {[%clk 1:07:56]} 13. Be3 {[%clk 1:17:47]} Bg5
{[%clk 1:06:37]} 14. Qd2 {[%clk 1:16:26]} Bxe3 {[%clk 1:04:33]} 15. Nxe3
{[%clk 1:16:32]} Nd4 {[%clk 1:03:55]} 16. Nc2 {[%clk 1:15:00]} Nxc2
{[%clk 1:02:22]} 17. Qxc2 {[%clk 1:15:25]} Nf6 {[%clk 1:01:39]} 18. Qd3
{[%clk 1:12:10]} Qe7 {[%clk 0:58:04]} 19. Rfd1 {[%clk 1:08:20]} Rfd8
{[%clk 0:58:20]} 20. Rac1 {[%clk 1:07:15]} Ne8 {[%clk 0:52:49]} 21. Bf3
{[%clk 1:05:57]} g6 {[%clk 0:50:43]} 22. Kh1 {[%clk 1:01:55]} Qc7
{[%clk 0:43:52]} 23. Qe3 {[%clk 0:57:27]} Qc5 {[%clk 0:41:07]} 24. Qe2
{[%clk 0:54:50]} Nf6 {[%clk 0:39:20]} 25. Na4 {[%clk 0:53:00]} Qa5
{[%clk 0:34:33]} 26. Qd3 {[%clk 0:44:17]} b5 {[%clk 0:30:22]} 27. cxb5
{[%clk 0:44:39]} Rxc1 {[%clk 0:30:11]} 28. Rxc1 {[%clk 0:44:50]} axb5
{[%clk 0:30:30]} 29. Nc3 {[%clk 0:44:53]} Rc8 {[%clk 0:28:57]} 30. Qe3
{[%clk 0:43:06]} Kg7 {[%clk 0:27:59]} 31. h3 {[%clk 0:38:37]} Qa3
{[%clk 0:27:33]} 32. Rd1 {[%clk 0:36:01]} Qb4 {[%clk 0:26:33]} 33. Rc1
{[%clk 0:27:20]} Qa3 {[%clk 0:24:13]} 34. Rd1 {[%clk 0:20:56]} Qc5
{[%clk 0:22:57]} 35. Qxc5 {[%clk 0:18:49]} Rxc5 {[%clk 0:23:22]} 36. Rd3
{[%clk 0:11:34]} Ne8 {[%clk 0:23:15]} 37. b4 {[%clk 0:10:34]} Rc4
{[%clk 0:22:50]} 38. a3 {[%clk 0:10:55]} Bd7 {[%clk 0:22:57]} 39. Be2 Rc6
{[%clk 0:22:38]} 40. Nd5 {[%clk 0:08:43]} Nf6 {[%clk 0:18:28]} 41. Nxf6
{[%clk 0:08:20]} Kxf6 {[%clk 0:18:48]} 42. f3 {[%clk 0:07:39]} Ke7
{[%clk 0:18:41]} 43. Kg1 {[%clk 0:07:36]} f5 {[%clk 0:17:27]} 44. Kf2
{[%clk 0:06:48]} fxe4 {[%clk 0:16:22]} 45. fxe4 {[%clk 0:07:13]} Rc8
{[%clk 0:14:46]} 46. Ke3 {[%clk 0:05:12]} Rc7 {[%clk 0:14:44]} 47. Kd2
{[%clk 0:05:18]} Be6 {[%clk 0:13:48]} 48. Ke3 {[%clk 0:01:44]} Rc8
{[%clk 0:13:06]} 49. Kf2 {[%clk 0:01:32]} Rf8+ {[%clk 0:13:20]} 50. Kg3
{[%clk 0:01:52]} Bc4 {[%clk 0:10:46]} 51. Rd2 {[%clk 0:01:58]} Bxe2
{[%clk 0:10:38]} 52. Rxe2 {[%clk 0:02:26]} Rc8 {[%clk 0:10:08]} 53. Re3
{[%clk 0:02:51]} Ke6 {[%clk 0:10:27]} 54. Rd3 {[%clk 0:03:05]} Rc4
{[%clk 0:09:59]} 55. Kf3 {[%clk 0:02:18]} Kd7 {[%clk 0:10:12]} 56. h4
{[%clk 0:01:18]} Rc8 {[%clk 0:08:33]} 57. Kg4 {[%clk 0:01:24]} Rc4
{[%clk 0:07:41]} 58. Kf3 {[%clk 0:00:56]} Rc7 {[%clk 0:06:41]} 59. g3
{[%clk 0:01:14]} Rc4 {[%clk 0:05:34]} 60. Ke3 Kc6 {[%clk 0:05:23]} 61. Kf3
{[%clk 0:00:59]} Kd7 {[%clk 0:05:35]} 62. Re3 {[%clk 0:01:24]} Ke6
{[%clk 0:05:51]} 63. Rd3 {[%clk 0:01:34]} h5 {[%clk 0:04:36]} 64. Ke3
{[%clk 0:01:36]} Rc7 {[%clk 0:04:31]} 65. Kd2 {[%clk 0:00:37]} Rc4
{[%clk 0:04:33]} 66. Ke3 {[%clk 0:00:38]} Rc8 {[%clk 0:04:02]} 67. Kf3
{[%clk 0:00:42]} Rd8 {[%clk 0:02:29]} 68. Rd5 {[%clk 0:01:02]} Ra8
{[%clk 0:02:11]} 69. Rxb5 {[%clk 0:00:40]} Rxa3+ {[%clk 0:02:37]} 70. Kf2
{[%clk 0:01:06]} Ra2+ {[%clk 0:02:48]} 71. Ke3 {[%clk 0:01:14]} Ra3+
{[%clk 0:03:12]} 72. Kf2 {[%clk 0:01:10]} Rb3 {[%clk 0:03:25]} 73. Rb8
{[%clk 0:01:22]} Rb2+ {[%clk 0:02:59]} 74. Ke3 {[%clk 0:01:39]} Rb3+
{[%clk 0:03:23]} 75. Kf2 {[%clk 0:01:54]} Kd7 {[%clk 0:02:30]} 76. b5
{[%clk 0:01:48]} Kc7 {[%clk 0:02:52]} 77. Rg8 {[%clk 0:02:10]} Rb2+
{[%clk 0:02:33]} 78. Ke3 {[%clk 0:02:32]} Rb3+ {[%clk 0:03:00]} 79. Kf2
{[%clk 0:02:42]} Rb2+ {[%clk 0:02:25]} 80. Kf3 {[%clk 0:02:50]} Rxb5
{[%clk 0:01:57]} 81. Rxg6 {[%clk 0:03:17]} Rb3+ {[%clk 0:02:19]} 82. Ke2
{[%clk 0:03:40]} Rb4 {[%clk 0:02:42]} 83. Kd3 {[%clk 0:04:05]} Ra4
{[%clk 0:02:32]} 84. Rg5 {[%clk 0:03:45]} Ra3+ {[%clk 0:02:49]} 85. Kc4
{[%clk 0:04:13]} Kc6 {[%clk 0:02:59]} 86. g4 {[%clk 0:04:07]} hxg4
{[%clk 0:02:27]} 87. Rxg4 {[%clk 0:04:36]} Rh3 {[%clk 0:02:32]} 88. Kb4
{[%clk 0:04:33]} Rh2 {[%clk 0:02:04]} 89. Kc3 {[%clk 0:04:57]} Kc5
{[%clk 0:02:12]} 90. Kd3 {[%clk 0:04:48]} Rh3+ {[%clk 0:02:30]} 91. Ke2
{[%clk 0:05:09]} Kd4 {[%clk 0:02:18]} 92. Kf2 {[%clk 0:04:56]} Re3
{[%clk 0:01:38]} 93. Rg6 {[%clk 0:05:19]} Rxe4 {[%clk 0:01:55]} 94. Rxd6+
{[%clk 0:05:47]} Kc5 {[%clk 0:02:04]} 95. Rh6 {[%clk 0:05:58]} Kd5
{[%clk 0:02:07]} 96. Kf3 {[%clk 0:06:17]} Rf4+ {[%clk 0:02:22]} 97. Ke3
{[%clk 0:06:40]} Ra4 {[%clk 0:02:04]} 98. Rh8 {[%clk 0:06:38]} Ra3+
{[%clk 0:02:10]} 99. Ke2 {[%clk 0:07:03]} Ke4 {[%clk 0:02:24]} 100. Re8
{[%clk 0:06:24]} Rh3 {[%clk 0:02:41]} 101. Ra8 {[%clk 0:06:40]} Rh2+
{[%clk 0:02:54]} 102. Ke1 {[%clk 0:07:03]} Kf4 {[%clk 0:02:57]} 103. Ra3
{[%clk 0:06:55]} Rxh4 {[%clk 0:02:56]} 104. Ke2 {[%clk 0:06:56]} Rh2+
{[%clk 0:03:13]} 105. Ke1 {[%clk 0:07:12]} e4 {[%clk 0:03:23]} 106. Rb3
{[%clk 0:07:31]} e3 {[%clk 0:03:29]} 107. Rb8 {[%clk 0:07:58]} Rh1+
{[%clk 0:02:16]} 108. Ke2 {[%clk 0:08:19]} Rh2+ {[%clk 0:02:41]} 109. Ke1
{[%clk 0:08:46]} Kf3 {[%clk 0:00:53]} 110. Rf8+ {[%clk 0:09:11]} Kg4
{[%clk 0:00:58]} 111. Rg8+ {[%clk 0:09:37]} Kf5 {[%clk 0:01:18]} 112. Rf8+
{[%clk 0:10:01]} Ke5 1/2-1/2

[Event "OOM-D14"]
[Site "?"]
[Date "2016.05.07"]
[Round "9.11"]
[White "Mytych, Wiktoria"]
[Black "Pyzio, Amelia"]
[Result "0-1"]
[LiveChessVersion "1.4.6"]
[BlackElo "1564"]
[WhiteElo "1276"]

1. e4 {[%clk 1:30:58]} e5 {[%clk 1:30:52]} 2. Nf3 {[%clk 1:31:20]} Nc6
{[%clk 1:31:16]} 3. Nc3 {[%clk 1:31:42]} Nf6 {[%clk 1:31:32]} 4. Bb5
{[%clk 1:31:42]} Bd6 {[%clk 1:31:33]} 5. d3 {[%clk 1:30:51]} h6 {[%clk 1:30:20]}
6. O-O {[%clk 1:30:25]} O-O {[%clk 1:30:06]} 7. Be3 {[%clk 1:29:07]} Re8
{[%clk 1:28:14]} 8. a3 {[%clk 1:28:30]} Bf8 {[%clk 1:25:57]} 9. h3
{[%clk 1:25:29]} a6 {[%clk 1:25:09]} 10. Bc4 {[%clk 1:23:56]} b5 {[%clk 1:21:49]}
11. Bb3 {[%clk 1:22:10]} Na5 {[%clk 1:20:35]} 12. Ba2 {[%clk 1:21:34]} Bb7
{[%clk 1:12:26]} 13. Nh2 {[%clk 1:06:06]} d5 {[%clk 1:07:19]} 14. exd5
{[%clk 1:06:09]} Nxd5 {[%clk 1:06:45]} 15. Nxd5 {[%clk 1:05:22]} Bxd5
{[%clk 1:06:49]} 16. Bxd5 {[%clk 1:05:47]} Qxd5 {[%clk 1:07:03]} 17. Qd2
{[%clk 1:04:53]} Nc6 {[%clk 1:06:30]} 18. f3 {[%clk 0:53:37]} Rad8
{[%clk 1:04:33]} 19. Bf2 {[%clk 0:52:51]} Nd4 {[%clk 1:02:56]} 20. Kh1
{[%clk 0:48:06]} Nf5 {[%clk 1:00:16]} 21. Rfe1 {[%clk 0:45:27]} Re6
{[%clk 0:58:45]} 22. Ng4 {[%clk 0:44:56]} Qd6 {[%clk 0:54:12]} 23. Ne3
{[%clk 0:42:17]} Nd4 {[%clk 0:52:43]} 24. Bg3 {[%clk 0:36:14]} f6
{[%clk 0:47:01]} 25. Nf1 {[%clk 0:28:32]} Qc6 {[%clk 0:44:31]} 26. Rac1
{[%clk 0:28:28]} Qd7 {[%clk 0:42:49]} 27. f4 {[%clk 0:25:30]} exf4
{[%clk 0:41:28]} 28. Bxf4 {[%clk 0:25:16]} Rde8 {[%clk 0:40:16]} 29. Rxe6
{[%clk 0:24:51]} Rxe6 {[%clk 0:39:42]} 30. Be3 {[%clk 0:24:37]} Bc5
{[%clk 0:35:04]} 31. Bxd4 {[%clk 0:17:20]} Qxd4 {[%clk 0:34:33]} 32. Ng3
{[%clk 0:16:05]} Qxb2 {[%clk 0:33:16]} 33. Re1 {[%clk 0:14:04]} Re5
{[%clk 0:30:20]} 34. Rxe5 {[%clk 0:13:33]} Qxe5 {[%clk 0:30:29]} 35. Ne4
{[%clk 0:13:06]} Bxa3 {[%clk 0:28:24]} 36. Qa5 {[%clk 0:12:13]} Qa1+
{[%clk 0:28:25]} 0-1

[Event "OOM-D14"]
[Site "?"]
[Date "2016.05.07"]
[Round "9.12"]
[White "Bilczewska, Olga"]
[Black "Roszkiewicz, Anna"]
[Result "1-0"]
[LiveChessVersion "1.4.6"]
[BlackElo "1443"]
[WhiteElo "1558"]

1. d4 {[%clk 1:30:57]} d5 {[%clk 1:30:54]} 2. c4 {[%clk 1:31:23]} dxc4
{[%clk 1:31:18]} 3. Nf3 {[%clk 1:31:45]} Nf6 {[%clk 1:31:41]} 4. e3
{[%clk 1:32:02]} e6 {[%clk 1:31:13]} 5. Bxc4 {[%clk 1:32:23]} c5 {[%clk 1:31:30]}
6. O-O {[%clk 1:32:25]} a6 {[%clk 1:31:40]} 7. a4 {[%clk 1:32:00]} Nc6
{[%clk 1:31:37]} 8. Nc3 {[%clk 1:28:34]} cxd4 {[%clk 1:31:54]} 9. exd4
{[%clk 1:28:47]} Be7 {[%clk 1:32:04]} 10. Be3 {[%clk 1:21:11]} O-O
{[%clk 1:31:43]} 11. Qe2 {[%clk 1:20:14]} Qc7 {[%clk 1:28:17]} 12. h3
{[%clk 1:16:17]} Rd8 {[%clk 1:24:50]} 13. Rfd1 {[%clk 1:15:29]} Nb4
{[%clk 1:18:59]} 14. Rac1 {[%clk 1:11:37]} b6 {[%clk 1:17:38]} 15. d5
{[%clk 1:03:48]} e5 {[%clk 1:09:57]} 16. Bg5 {[%clk 1:00:14]} Bd6
{[%clk 1:01:48]} 17. Bxf6 {[%clk 0:58:25]} gxf6 {[%clk 1:02:12]} 18. Ne4
{[%clk 0:56:06]} Qe7 {[%clk 0:57:05]} 19. Qe3 {[%clk 0:53:20]} Bc5
{[%clk 0:52:21]} 20. Qh6 {[%clk 0:51:58]} Bf5 {[%clk 0:47:38]} 21. Nxf6+
{[%clk 0:47:13]} Kh8 {[%clk 0:47:24]} 22. Ng5 {[%clk 0:46:21]} Qf8
{[%clk 0:45:08]} 23. Qxf8+ {[%clk 0:44:59]} Rxf8 {[%clk 0:45:29]} 24. Nh5
{[%clk 0:44:31]} Be7 {[%clk 0:39:53]} 25. Nf3 {[%clk 0:43:38]} Bd6
{[%clk 0:38:03]} 26. Ng3 {[%clk 0:43:04]} Bc2 {[%clk 0:37:55]} 27. Re1
{[%clk 0:42:37]} Bxa4 {[%clk 0:35:35]} 28. Nxe5 {[%clk 0:41:39]} Bxe5
{[%clk 0:34:40]} 29. Rxe5 {[%clk 0:42:03]} Rac8 {[%clk 0:34:42]} 30. Ra1
{[%clk 0:36:27]} b5 {[%clk 0:30:47]} 31. Be2 {[%clk 0:35:04]} Rc2
{[%clk 0:26:40]} 32. Bd1 {[%clk 0:32:53]} Rxb2 {[%clk 0:25:40]} 33. Bxa4
{[%clk 0:33:16]} bxa4 {[%clk 0:26:06]} 34. Rxa4 {[%clk 0:33:28]} Rd8
{[%clk 0:23:25]} 35. Nf5 {[%clk 0:31:35]} Kg8 {[%clk 0:19:11]} 36. d6
{[%clk 0:29:39]} Nd3 {[%clk 0:16:21]} 37. Re7 {[%clk 0:24:46]} Kf8
{[%clk 0:15:51]} 38. Rh4 {[%clk 0:18:30]} Kg8 {[%clk 0:07:42]} 39. Rg4+
{[%clk 0:14:11]} Kh8 {[%clk 0:07:06]} 40. Nh6 {[%clk 0:13:34]} Rxf2
{[%clk 0:05:33]} 41. d7 {[%clk 0:13:09]} 1-0

[Event "OOM-D14"]
[Site "?"]
[Date "2016.05.07"]
[Round "9.13"]
[White "Tarka, Aleksandra"]
[Black "Sowa, Wiktoria"]
[Result "0-1"]
[LiveChessVersion "1.4.6"]
[BlackElo "1545"]
[WhiteElo "1472"]

1. e4 {[%clk 1:30:58]} e5 {[%clk 1:30:56]} 2. Nf3 {[%clk 1:30:50]} Nc6
{[%clk 1:31:16]} 3. Bc4 {[%clk 1:30:48]} Bc5 {[%clk 1:31:16]} 4. Nc3
{[%clk 1:30:43]} a6 {[%clk 1:27:24]} 5. a3 {[%clk 1:26:45]} Nf6 {[%clk 1:25:31]}
6. d3 {[%clk 1:22:54]} h6 {[%clk 1:18:29]} 7. O-O {[%clk 1:16:03]} d6
{[%clk 1:17:05]} 8. h3 {[%clk 1:15:36]} O-O {[%clk 1:11:26]} 9. Be3
{[%clk 1:03:53]} Ba7 {[%clk 1:07:16]} 10. Bxa7 {[%clk 0:58:17]} Nxa7
{[%clk 1:06:58]} 11. d4 {[%clk 0:54:43]} exd4 {[%clk 0:59:50]} 12. Nxd4
{[%clk 0:48:53]} Re8 {[%clk 0:56:37]} 13. f3 {[%clk 0:47:56]} Nh5
{[%clk 0:52:13]} 14. Qd2 {[%clk 0:43:36]} Nc6 {[%clk 0:39:33]} 15. Nxc6
{[%clk 0:39:17]} bxc6 {[%clk 0:39:55]} 16. Ne2 {[%clk 0:37:15]} Qh4
{[%clk 0:38:04]} 17. Bb3 {[%clk 0:30:17]} Re5 {[%clk 0:24:22]} 18. Qe1
{[%clk 0:23:04]} Qe7 {[%clk 0:20:04]} 19. Ng3 {[%clk 0:10:58]} Nf4
{[%clk 0:16:27]} 20. Ne2 {[%clk 0:09:34]} Ng6 {[%clk 0:14:10]} 21. Ng3
{[%clk 0:05:43]} Nf4 {[%clk 0:12:06]} 22. Ne2 {[%clk 0:05:33]} Nh5
{[%clk 0:11:15]} 23. Ng3 {[%clk 0:05:14]} Nxg3 {[%clk 0:10:54]} 24. Qxg3
{[%clk 0:05:38]} Rg5 {[%clk 0:11:07]} 25. Qh2 {[%clk 0:05:37]} Qf6
{[%clk 0:10:57]} 26. f4 {[%clk 0:05:02]} Qd4+ {[%clk 0:10:25]} 27. Rf2
{[%clk 0:03:13]} Rc5 {[%clk 0:09:15]} 28. e5 {[%clk 0:02:10]} Qxb2
{[%clk 0:07:45]} 29. Raf1 {[%clk 0:01:31]} Qd4 {[%clk 0:07:02]} 30. Qg3
{[%clk 0:01:12]} Bf5 {[%clk 0:05:59]} 31. exd6 {[%clk 0:01:11]} cxd6
{[%clk 0:06:06]} 32. Kh1 {[%clk 0:01:15]} Re8 {[%clk 0:05:54]} 33. Qh4
{[%clk 0:01:14]} Qe3 {[%clk 0:05:06]} 34. Rf3 {[%clk 0:01:01]} Qe2
{[%clk 0:05:09]} 35. R1f2 {[%clk 0:00:56]} Qe1+ {[%clk 0:05:29]} 36. Kh2
{[%clk 0:01:06]} Bxc2 {[%clk 0:04:31]} 37. Bxc2 {[%clk 0:00:52]} Rxc2
{[%clk 0:04:54]} 38. Qg3 {[%clk 0:00:48]} Rc1 {[%clk 0:05:05]} 39. Rf1
{[%clk 0:01:05]} Qxg3+ {[%clk 0:05:26]} 40. Kxg3 {[%clk 0:01:26]} Rxf1
{[%clk 0:05:50]} 41. Rxf1 {[%clk 0:01:51]} Re3+ {[%clk 0:06:10]} 42. Kg4
{[%clk 0:01:33]} Rxa3 {[%clk 0:06:34]} 43. Rc1 {[%clk 0:01:42]} c5
{[%clk 0:06:58]} 44. Rd1 {[%clk 0:01:59]} c4 {[%clk 0:05:44]} 45. Rxd6
{[%clk 0:02:21]} c3 {[%clk 0:06:03]} 46. Rc6 {[%clk 0:02:41]} a5 {[%clk 0:05:41]}
47. Rc8+ {[%clk 0:02:17]} Kh7 {[%clk 0:06:06]} 48. Rc4 {[%clk 0:02:28]} Rb3
{[%clk 0:05:49]} 49. g3 {[%clk 0:01:24]} Ra3 {[%clk 0:04:26]} 50. h4
{[%clk 0:01:20]} Rb3 {[%clk 0:03:29]} 51. h5 {[%clk 0:00:42]} f6 {[%clk 0:01:30]}
52. Kh4 {[%clk 0:00:40]} Ra3 {[%clk 0:01:27]} 53. Kg4 {[%clk 0:00:51]} Rb3
{[%clk 0:01:40]} 54. Kh4 {[%clk 0:01:13]} g5+ {[%clk 0:01:42]} 55. Kg4
{[%clk 0:01:02]} Kg7 {[%clk 0:01:06]} 56. Kf5 {[%clk 0:00:46]} Rb5+
{[%clk 0:01:17]} 57. Kg4 {[%clk 0:01:00]} f5+ {[%clk 0:01:02]} 58. Kh3
{[%clk 0:00:39]} gxf4 {[%clk 0:00:56]} 59. gxf4 {[%clk 0:00:48]} Rb3
{[%clk 0:01:07]} 60. Kh4 {[%clk 0:00:49]} Rb4 {[%clk 0:01:03]} 61. Rxc3
{[%clk 0:00:38]} Rxf4+ {[%clk 0:01:28]} 62. Kh3 {[%clk 0:00:41]} Re4
{[%clk 0:01:22]} 63. Rc5 {[%clk 0:00:45]} Kf6 {[%clk 0:00:55]} 64. Rxa5
{[%clk 0:00:52]} Kg5 {[%clk 0:01:18]} 65. Kg3 {[%clk 0:00:44]} Rg4+
{[%clk 0:01:23]} 66. Kf3 {[%clk 0:00:43]} Rf4+ {[%clk 0:01:38]} 67. Kg3
{[%clk 0:01:03]} Rf1 {[%clk 0:01:37]} 68. Kg2 {[%clk 0:01:20]} Rc1
{[%clk 0:01:26]} 69. Kh2 {[%clk 0:01:04]} Rc3 {[%clk 0:01:40]} 70. Kg2
{[%clk 0:01:21]} Kg4 {[%clk 0:01:45]} 71. Kf2 {[%clk 0:01:06]} Rh3
{[%clk 0:01:31]} 72. Ra4+ {[%clk 0:00:46]} f4 {[%clk 0:01:50]} 73. Kg2
{[%clk 0:00:48]} Rxh5 {[%clk 0:02:11]} 74. Ra3 {[%clk 0:00:44]} Rb5
{[%clk 0:02:21]} 75. Kg1 {[%clk 0:00:39]} Rb2 {[%clk 0:02:39]} 76. Kf1
{[%clk 0:00:57]} h5 {[%clk 0:02:28]} 77. Ra7 {[%clk 0:01:04]} h4 {[%clk 0:02:18]}
78. Rg7+ {[%clk 0:01:19]} Kf3 {[%clk 0:02:12]} 79. Kg1 {[%clk 0:01:32]} h3
{[%clk 0:01:51]} 80. Rc7 {[%clk 0:01:09]} Rg2+ {[%clk 0:00:46]} 81. Kh1
{[%clk 0:01:19]} Rf2 {[%clk 0:00:36]} 82. Rc3+ {[%clk 0:01:21]} Kg4
{[%clk 0:00:58]} 83. Kg1 {[%clk 0:00:51]} Re2 {[%clk 0:01:13]} 84. Kh1
{[%clk 0:00:51]} f3 {[%clk 0:01:01]} 85. Rc4+ {[%clk 0:00:41]} Kg3
{[%clk 0:01:15]} 86. Rc1 {[%clk 0:00:40]} Rh2+ {[%clk 0:01:28]} 87. Kg1
{[%clk 0:00:54]} f2+ {[%clk 0:01:54]} 88. Kf1 {[%clk 0:01:05]} Rh1+
{[%clk 0:02:20]} 0-1

[Event "OOM-D14"]
[Site "?"]
[Date "2016.05.07"]
[Round "9.14"]
[White "Hryn, Aleksandra"]
[Black "Rokoszna, Zuzanna"]
[Result "1/2-1/2"]
[LiveChessVersion "1.4.6"]
[BlackElo "1017"]
[WhiteElo "1517"]

1. e4 {[%clk 1:30:59]} c5 {[%clk 1:30:52]} 2. Nf3 {[%clk 1:31:18]} d6
{[%clk 1:31:13]} 3. d4 {[%clk 1:31:16]} cxd4 {[%clk 1:31:30]} 4. Nxd4
{[%clk 1:31:30]} Nf6 {[%clk 1:31:37]} 5. Nc3 {[%clk 1:31:42]} g6 {[%clk 1:31:33]}
6. Bg5 {[%clk 1:30:52]} Bg7 {[%clk 1:31:00]} 7. Bb5+ {[%clk 1:30:24]} Bd7
{[%clk 1:30:42]} 8. Qe2 {[%clk 1:29:07]} O-O {[%clk 1:28:01]} 9. O-O-O
{[%clk 1:26:40]} Nc6 {[%clk 1:25:03]} 10. Nb3 {[%clk 1:19:53]} Rc8
{[%clk 1:19:51]} 11. h3 {[%clk 1:11:32]} Nb4 {[%clk 1:05:44]} 12. a3
{[%clk 1:00:18]} Rxc3 {[%clk 1:02:08]} 13. axb4 {[%clk 0:57:30]} Bxb5
{[%clk 0:59:46]} 14. Qxb5 {[%clk 0:56:53]} Rc7 {[%clk 0:57:03]} 15. f3
{[%clk 0:53:57]} Qc8 {[%clk 0:55:16]} 16. Qd3 {[%clk 0:51:04]} Rd8
{[%clk 0:48:37]} 17. Rhe1 {[%clk 0:42:38]} Ne8 {[%clk 0:41:02]} 18. Kb1
{[%clk 0:35:48]} Qd7 {[%clk 0:35:47]} 19. c3 {[%clk 0:28:16]} Rdc8
{[%clk 0:32:10]} 20. Rc1 {[%clk 0:24:45]} b6 {[%clk 0:23:56]} 21. h4
{[%clk 0:20:39]} h5 {[%clk 0:22:07]} 22. Rg1 {[%clk 0:20:01]} Nf6
{[%clk 0:20:58]} 23. Qe2 {[%clk 0:18:56]} Qe6 {[%clk 0:18:43]} 24. Nd4
{[%clk 0:18:25]} Qc4 {[%clk 0:17:53]} 25. Qxc4 {[%clk 0:18:15]} Rxc4
{[%clk 0:18:10]} 26. Nb3 {[%clk 0:17:50]} d5 {[%clk 0:14:01]} 27. exd5
{[%clk 0:17:28]} Nxd5 {[%clk 0:14:20]} 28. Rcd1 {[%clk 0:17:11]} e6
{[%clk 0:13:39]} 29. Nd2 {[%clk 0:16:49]} R4c7 {[%clk 0:11:07]} 30. Ne4
{[%clk 0:16:43]} a5 {[%clk 0:10:47]} 31. bxa5 {[%clk 0:16:57]} bxa5
{[%clk 0:11:09]} 32. Nd6 {[%clk 0:16:06]} Rb8 {[%clk 0:11:16]} 33. Ka2
{[%clk 0:15:22]} a4 {[%clk 0:09:15]} 34. Ka3 {[%clk 0:12:20]} Kf8
{[%clk 0:06:53]} 35. Rge1 {[%clk 0:11:25]} Kg8 {[%clk 0:05:37]} 36. Re4
{[%clk 0:10:49]} Bf8 {[%clk 0:05:52]} 37. Rxa4 {[%clk 0:10:45]} Bxd6+
{[%clk 0:06:14]} 38. Ka2 {[%clk 0:11:07]} Rxc3 {[%clk 0:05:16]} 39. Rxd5
{[%clk 0:11:02]} Ra3+ {[%clk 0:03:17]} 40. bxa3 {[%clk 0:11:05]} exd5
{[%clk 0:03:40]} 41. Rd4 {[%clk 0:10:43]} Rb5 {[%clk 0:03:30]} 42. a4
{[%clk 0:09:17]} Ra5 {[%clk 0:03:11]} 43. Bd2 {[%clk 0:08:58]} Rc5
{[%clk 0:03:03]} 44. Kb3 {[%clk 0:08:55]} Be5 {[%clk 0:03:18]} 45. Rd3
{[%clk 0:08:58]} d4 {[%clk 0:03:22]} 46. Kb4 {[%clk 0:08:28]} Rc8
{[%clk 0:03:19]} 47. g4 {[%clk 0:08:15]} hxg4 {[%clk 0:03:29]} 48. fxg4
{[%clk 0:08:10]} Kg7 {[%clk 0:03:45]} 49. a5 {[%clk 0:08:14]} Kf6
{[%clk 0:03:41]} 50. Kb5 {[%clk 0:07:41]} Ke6 {[%clk 0:03:46]} 51. a6
{[%clk 0:06:32]} 1/2-1/2

[Event "OOM-D14"]
[Site "?"]
[Date "2016.05.07"]
[Round "9.15"]
[White "Sawa, Daria"]
[Black "Lascar, Maria Elena"]
[Result "1-0"]
[LiveChessVersion "1.4.6"]
[BlackElo "1491"]
[WhiteElo "1111"]

1. e4 {[%clk 1:30:59]} c5 {[%clk 1:30:50]} 2. Nf3 {[%clk 1:31:22]} Nc6
{[%clk 1:31:07]} 3. d4 {[%clk 1:31:44]} cxd4 {[%clk 1:31:25]} 4. Nxd4
{[%clk 1:32:08]} g6 {[%clk 1:31:51]} 5. Nc3 {[%clk 1:32:20]} Bg7 {[%clk 1:32:15]}
6. Be3 {[%clk 1:32:36]} Nf6 {[%clk 1:32:24]} 7. Be2 {[%clk 1:32:33]} O-O
{[%clk 1:31:50]} 8. f3 {[%clk 1:32:32]} d5 {[%clk 1:31:15]} 9. exd5
{[%clk 1:30:21]} Nxd5 {[%clk 1:31:22]} 10. Nxc6 {[%clk 1:29:13]} bxc6
{[%clk 1:31:08]} 11. Nxd5 {[%clk 1:28:39]} cxd5 {[%clk 1:31:00]} 12. c3
{[%clk 1:24:39]} Bb7 {[%clk 1:27:07]} 13. Bd4 {[%clk 1:22:26]} Qc7
{[%clk 1:25:41]} 14. O-O {[%clk 1:20:27]} e5 {[%clk 1:25:19]} 15. Bf2
{[%clk 1:20:37]} a6 {[%clk 1:24:44]} 16. Kh1 {[%clk 1:14:08]} Rfe8
{[%clk 1:23:42]} 17. Bg3 {[%clk 1:12:39]} Qe7 {[%clk 1:22:50]} 18. Qc2
{[%clk 1:08:04]} Rac8 {[%clk 1:21:40]} 19. Rad1 {[%clk 1:01:53]} d4
{[%clk 1:17:10]} 20. Qa4 {[%clk 1:00:46]} dxc3 {[%clk 1:11:30]} 21. bxc3
{[%clk 1:00:55]} Rxc3 {[%clk 1:03:40]} 22. Rd7 {[%clk 1:00:15]} Bc6
{[%clk 1:03:54]} 23. Rxe7 {[%clk 1:00:31]} Bxa4 {[%clk 1:04:16]} 24. Rxe8+
{[%clk 1:00:34]} Bxe8 {[%clk 1:04:45]} 25. Bxa6 {[%clk 1:00:26]} Ra3
{[%clk 1:04:33]} 26. Bc4 {[%clk 1:00:07]} Kf8 {[%clk 1:03:31]} 27. Re1
{[%clk 0:59:59]} f6 {[%clk 1:03:20]} 28. Bf2 {[%clk 0:59:56]} Ra5
{[%clk 1:00:54]} 29. Bb6 {[%clk 0:59:45]} Bf7 {[%clk 1:00:35]} 30. Bxa5
{[%clk 0:59:08]} Bxc4 {[%clk 1:00:56]} 31. Bb4+ {[%clk 0:59:17]} Kf7
{[%clk 1:00:40]} 32. a4 {[%clk 0:59:28]} Ke6 {[%clk 1:00:28]} 33. Rd1
{[%clk 0:59:06]} Bd5 {[%clk 1:00:10]} 34. a5 {[%clk 0:58:37]} Bh6
{[%clk 1:00:01]} 35. Bc5 {[%clk 0:57:29]} Bc4 {[%clk 0:58:58]} 36. a6
{[%clk 0:55:11]} Bxa6 {[%clk 0:57:45]} 37. Rd6+ {[%clk 0:55:35]} Kf5
{[%clk 0:57:43]} 38. Rxa6 {[%clk 0:55:56]} Bg5 {[%clk 0:57:49]} 39. Be7
{[%clk 0:54:49]} e4 {[%clk 0:57:38]} 40. fxe4+ {[%clk 0:55:07]} Kxe4
{[%clk 0:57:59]} 41. Bxf6 {[%clk 0:55:22]} Bf4 {[%clk 0:56:49]} 42. Ra4+
{[%clk 0:55:14]} Ke3 {[%clk 0:56:55]} 43. g3 {[%clk 0:54:48]} 1-0